| 000 | 00798nam a2200253 a 4500 | ||
|---|---|---|---|
| 001 | 1294 | ||
| 003 | BR-CuiBMT | ||
| 005 | 20231207232640.0 | ||
| 008 | 231204s2011 dtb 001 0 por d | ||
| 020 | _a9788570183163 | ||
| 040 |
_aBR-CuiBMT _cBR-CuiBMT |
||
| 080 |
_a94:32 _x(81) _22007 |
||
| 090 |
_a94:32(81) _bA368e |
||
| 100 | 1 |
_aAlencar, José de, _d1829-1877 |
|
| 245 | 1 | 0 |
_aEscritos políticos ; Cartas de Erasmo ; A corte do leão ; A festa macarrônica / _cJosé de Alencar. |
| 260 |
_aBrasília : _bSenado Federal, _bConselho Editorial, _c2011. |
||
| 300 |
_a237 p. ; _c23 cm |
||
| 490 | 1 |
_aEdições do Senado Federal ; _vv. 92 |
|
| 504 | _aÌndice. | ||
| 650 |
_aPolítica _zBrasil |
||
| 650 |
_aHistória _yBrasil |
||
| 830 | 0 |
_aEdições do Senado Federal ; _v92 |
|
| 942 |
_2udc _cLV |
||
| 999 |
_c1294 _d1294 |
||